Govt. of
Madhya Pradesh

पर्यावरण अध्‍ययन NCERT की पाठ्य पुस्‍तकों पर पूर्णतया आधारित (Record no. 63328)

MARC details
000 -LEADER
fixed length control field 00386nam a22000977a 4500
100 ## - MAIN ENTRY--AUTHOR NAME
Personal name प्रकाश,ओम
245 ## - TITLE STATEMENT
Title पर्यावरण अध्‍ययन NCERT की पाठ्य पुस्‍तकों पर पूर्णतया आधारित
260 ## - PUBLICATION, DISTRIBUTION, ETC. (IMPRINT)
Place of publication Chnnai
Name of publisher McGraw Hill
Year of publication 2020
650 ## - SUBJECT ADDED ENTRY--TOPICAL TERM
Topical Term पर्यावरण
942 ## - ADDED ENTRY ELEMENTS (KOHA)
Koha item type Hindi Books
Holdings
Withdrawn status Lost status Damaged status Not for loan Home library Current library Date acquired Cost, normal purchase price Full call number Accession Number Price effective from Koha item type
        MACL MACL 22/09/2020 240.00 333 GCLC00852 22/09/2020 Hindi Books
        MACL MACL 22/09/2020 240.00 333 GCLC00853 22/09/2020 Hindi Books